000 00665nam a2200229 4500
001 149003
003 ES-MaACL
005 20231114062540.0
007 t|
008 070214s1986 sp r ||||1| spa d
020 _a84-322-0551-6
100 1 _aSuskind, Patrick.
_9108854
245 1 3 _aEl contrabajo /
_cPatrick Suskind ; traducción de Pilar Giralt Gorina.
250 _a2ª. ed.
260 _aBarcelona :
_bSeix Barral,
_c1986.
300 _a92 p. ;
_c19 cm.
490 1 _aBiblioteca breve
700 1 _aGiralt, Pilar.
_957201
830 0 _aBiblioteca breve (Seix Barral)
_9227188
852 _aES-MaACL
_jL-10721
_bR.112640
999 _c149003
_d149003